| 000 | 00471nam a22001457a 4500 | ||
|---|---|---|---|
| 008 | 140130b xxu||||| |||| 00| 0 eng d | ||
| 020 | _a0-225-66790-8 | ||
| 050 | _aBX1970.D858 1995 | ||
| 100 |
_aDuffy, Regis OFM _97435 |
||
| 245 |
_aThe Liturgy in the Catechism _bcelebrating God's wisdom and love _cRegis Duffy OFM |
||
| 260 |
_aNew York _bGeoffrey Chapman _c1995 |
||
| 300 |
_avii, 95p. ; _c22cm. |
||
| 650 |
_aLiturgy _xCatholic Church _97436 |
||
| 942 |
_2lcc _cMONOGRAPH |
||
| 999 |
_c119802 _d119802 |
||